Knowledge and the Family Business <The> Governance and Management of Family Firms in the New Knowledge Economy

Salvato in:
Dettagli Bibliografici
Autore principale: Del Giudice, Manlio
Altri autori: Della Peruta, Maria Rosaria, Carayannis, Elias G.
Natura: Libro
Lingua:inglese
Pubblicazione: New York Springer 2010
Serie:Innovation, Technology and Knowledge Management
Soggetti:
Tags: Aggiungi Tag
Nessun Tag, puoi essere il primo ad aggiungerne!!

MARC

LEADER 00000nam a2200000 4500
001 0269764
005 20240306135803.3
020 |a 978-1-4614-2766-7 
020 |a 978-1-4419-7353-5 
041 0 |a eng 
044 |a US 
245 1 0 |a Knowledge and the Family Business  |b <The> Governance and Management of Family Firms in the New Knowledge Economy  |c Manlio Del Giudice, Maria Rosaria Della Peruta, Elias G. Carayannis 
264 1 |a New York  |b Springer  |c 2010 
300 |a 267 s. 
490 1 |a Innovation, Technology and Knowledge Management 
830 0 |a Innovation, Technology and Knowledge Management 
610 2 0 |a podnikanie rodinné 
610 2 0 |a ekonomika nová 
610 2 0 |a ekonomika vedomostná 
610 2 0 |a podnik rodinný 
610 2 0 |a vodcovstvo 
610 2 0 |a riadenie podnikové 
610 2 0 |a kreativita 
610 2 0 |a vzdelávanie 
610 2 0 |a teória a prax 
100 1 |a Del Giudice, Manlio 
700 1 |a Della Peruta, Maria Rosaria 
700 1 |a Carayannis, Elias G.